MARC

LEADER 00000nam0a2200000 4500
001 288505
005 20231102000108.0
020 |a RU  |b 85-67787 
035 |a (RuTPU)RU\TPU\book\312977 
090 |a 288505 
100 |a 20150325d1985 km y0rusy5003 ca 
101 0 |a rus 
102 |a RU 
105 |a a z 001zy 
200 1 |a Стахановское движение: традиции и преемственность  |f Н. Б. Лебедева, Р. Я. Хабибулина 
210 |a Ленинград  |c Лениздат  |d 1985 
215 |a 135 с.  |c ил.  |d 16 см 
320 |a Библиогр.: с. 134 
606 1 |a Герои Социалистического Труда  |2 stltpush  |3 (RuTPU)RU\TPU\subj\36040  |9 57563 
610 1 |a социалистическое соревнование 
610 1 |a стахановское движение 
610 1 |a история 
610 1 |a формы 
610 1 |a традиции 
610 1 |a преемственность 
610 1 |a новаторство 
610 1 |a идеологическая работа 
686 |a У9(2)243.5  |v LBC/SL-A  |2 rubbk 
700 1 |a Лебедева  |b Н. Б.  |g Нина Борисовна  |4 070 
701 1 |a Хабибулина  |b Р. Я.  |g Раиса Ярулловна  |4 070 
801 0 |a RU  |b RuMRKP  |c 19950704  |g psbo 
801 1 |a RU  |b 63413507  |c 20150325 
801 2 |a RU  |b 63413507  |c 20170313  |g RCR 
942 |c BK